| 000 | nam a22 7a 4500 | ||
|---|---|---|---|
| 999 |
_c28663 _d28663 |
||
| 008 | 170314b xxu||||| |||| 00| 0 eng d | ||
| 050 | _aPR 1309 .S5A58 1952 | ||
| 100 | _aEdited by Cerf, Bennett | ||
| 245 |
_aAn Anthology of Famous British Stories/ _cEdited by Bennett Cerf and Henry C. Moriarty |
||
| 260 |
_aNew York: _bThe Modern Library, _c1952. |
||
| 300 |
_axiv,1233p.: _bill.; _c22cm. |
||
| 521 | _aIncludes index. | ||
| 700 | _aMoriarty, Henry C. | ||
| 942 |
_2lcc _cBOOKS _hPR 1309 .S5A58 1952 |
||